La sal de la tierra / (Registro nro. 3101)
[ vista simple ]
| 000 -LEADER | |
|---|---|
| fixed length control field | 01002nam a2200205 a 4500 |
| 008 - CAMPO DE CONTROL (LIBRO) | |
| fixed length control field | 011117e1996 ag |||g |||| 000 1 spa d |
| 020 ## - INTERNATIONAL STANDARD BOOK NUMBER | |
| ISBN | 9505460716 |
| 041 ## - CODIGO DE IDIOMA | |
| Código de idioma del texto/pista de sonido o título separado | spa |
| 092 ## - SIGNATURA TOPOGRAFICA DEWEY LOCAL | |
| número de clasificación | 808 |
| libristica | 51 |
| sección | MEN |
| 100 1# - ENTRADA PRINCIPAL--NOMBRE PERSONAL | |
| Nombre personal | Menapace, Mamerto |
| 9 (RLIN) | 4139 |
| 245 3# - TITULO PROPIAMENTE DICHO | |
| Título | La sal de la tierra / |
| Mención de responsabilidad y remanente de la transcripción de la portada | Mamerto Menapace |
| 250 ## - MENCION DE EDICION | |
| Mención de edición | 12a ed. |
| 260 ## - PIE DE IMPRENTA | |
| Lugar de publicación, distribución, etc | Buenos Aires: |
| Nombre de la editorial, distribuidor, etc | Patria Grande; |
| Fecha de publicación | 1996. |
| 300 ## - DESCRIPCION FISICA | |
| Extension | 124 p. |
| 500 ## - NOTA GENERAL | |
| Nota general | Menapace, M. (1996). La sal de la tierra. (12a ed.). Buenos Aires : Patria Grande. |
| 520 ## - NOTA DE RESUMEN | |
| Nota de resumen | Cada uno de los cuentos , sucedidos y reflexiones de este libro nos recuerdan que nuestra vida esconde un sentido que necesita ser encontrado.<br/>Debemos descubrir el sabor de la tierra y de las pequeñas grandes realidades que en ella se afirman, <br/>Mamerto Menapace, monje benedictino, hombre de campo y poeta, ha sabido gustar esa sal y nos la ayuda a saborear en pàginas de singular belleza. |
| 590 ## - NOTAS LOCALES (RLIN) | |
| Nota local | Donación. Proyecto Literatura 4to libro |
| 655 ## - MATERIA - GENERO/FORMA | |
| Género/Forma | Literatura |
| -- | 2917 |
| 942 ## - ADDED ENTRY ELEMENTS (KOHA) | |
| Source of classification or shelving scheme | Dewey Decimal Classification |
| Item type | LITERATURA |
| Estado de retiro | Existencia | Fuente de clasificación | Estado general | No para prestamo | Ubicación permanente | ubicación actual | Sala de ubicación | Fecha de adquisición | Fuente de adquisición | Total Checkouts | Número de clasificación | Código de barras | Date last seen | Número de ejemplar | Price effective from | Koha tipo de elemento (item) | Public note |
|---|---|---|---|---|---|---|---|---|---|---|---|---|---|---|---|---|---|
| Dewey Decimal Classification | Biblioteca Medicina | Biblioteca Medicina | Circulación | 15/03/2021 | Donación Constanzo, Juan Carlos. Marzo 2021 | 808 51 MEN | 4656 | 15/03/2021 | Ej. 1 | 15/03/2021 | LITERATURA | Donación Constanzo, Juan Carlos. Marzo 2021 |